Statystyki dla Stolice krajów leżących na Półwyspie Bałkańskim

Kliknij tutaj aby rozwiązać quiz!

Ogólne statystyki

  • Ten quiz został rozwiązany 1 183 razy
  • Średni wynik to 8 z 9

Statystyki odpowiedzi

HintOdpowiedź% Poprawnych
GrecjaAteny
97%
BułgariaSofia
95%
ChorwacjaZagrzeb
94%
Bośnia i HercegowinaSarajewo
88%
SerbiaBelgrad
83%
AlbaniaTirana
81%
CzarnogóraPodgorica
77%
MacedoniaSkopje
76%
KosowoPrisztina
73%

Rozkład punktacji

Percentyl według liczby udzielonych odpowiedzi

Procent ludzi z każdym wynikiem

Twoja historia wyników

Nie rozwiązałeś tego quizu